[Event "POL Cup op rapid"]
[Site "Lodz"]
[Date "2021.08.07"]
[Round "5"]
[White "Fiedorek, Michal"]
[Black "Scibior, Adam"]
[Result "0-1"]
[WhiteElo "2264"]
[BlackElo "2229"]
[PlyCount "54"]
[EventDate "2021.08.07"]
[EventType "swiss (rapid)"]
[EventRounds "9"]
[EventCountry "POL"]
[SourceTitle "CBM 203 Extra"]
[Source "ChessBase"]
[SourceDate "2021.09.30"]
[SourceVersion "1"]
[SourceVersionDate "2021.09.30"]
[SourceQuality "1"]

1. e4 e6 2. d4 d5 3. Nd2 Nf6 4. e5 Nfd7 5. Bd3 c5 6. c3 Nc6 7. Ne2 cxd4 8. cxd4 f6 9. exf6 Qxf6 10. Nf3 h6 11. 0-0 Bd6 12. Be3 0-0 13. Nc3 Rd8 14. Rc1 Nf8 15. Bb1 Bd7 16. Re1 Be8 17. Na4 Bh5 18. Nc5 Bxc5 19. Rxc5 e5 20. dxe5 Nxe5 21. Bd4 Nxf3+ 22. gxf3 Qg5+ 23. Kf1 Rac8 24. Rxc8 Rxc8 25. Qe2 Re8 26. Qc2 Rxe1+ 27. Kxe1 Bg6 0-1

[Event "Wroclaw Anderssen Memorial op"]
[Site "Wroclaw"]
[Date "2018.08.05"]
[Round "13"]
[White "Scibior, Adam"]
[Black "Djuric, Stefan"]
[Result "0-1"]
[WhiteElo "2229"]
[BlackElo "2352"]
[PlyCount "86"]
[EventDate "2018.08.04"]
[EventType "swiss (rapid)"]
[EventRounds "13"]
[EventCountry "POL"]
[SourceTitle "CBM 185 Extra"]
[Source "ChessBase"]
[SourceDate "2018.07.29"]
[SourceVersion "1"]
[SourceVersionDate "2018.07.29"]
[SourceQuality "1"]

1. Nf3 c5 2. c4 Nc6 3. d4 cxd4 4. Nxd4 Nf6 5. Nc3 e6 6. Bf4 Nxd4 7. Qxd4 b6 8. Bd6 Bxd6 9. Qxd6 Qe7 10. Nb5 Qxd6 11. Nxd6+ Ke7 12. Rd1 Ne8 13. Nxc8+ Rxc8 14. e3 Nd6 15. b3 b5 16. cxb5 Rc2 17. a4 Rb2 18. Be2 Rc8 19. Bf3 Rxb3 20. 0-0 Ra3 21. Ra1 Rcc3 22. Rfc1 Rxc1+ 23. Rxc1 Rxa4 24. Be2 Rb4 25. h3 Nxb5 26. Rc8 Nd6 27. Ra8 Rb1+ 28. Kh2 Rb7 29. Bd3 g6 30. g4 Rc7 31. Kg3 Nc8 32. Ba6 Nd6 33. Bd3 h6 34. Kf3 Rc3 35. Be2 Ra3 36. Kg2 Ra2 37. Bf3 Nc4 38. Kg3 Nd2 39. Bb7 d5 40. f3 Nf1+ 41. Kh4 Nxe3 42. f4 Ra3 43. Bxd5 a5 0-1

[Event "Wroclaw Anderssen Memorial op"]
[Site "Wroclaw"]
[Date "2018.08.04"]
[Round "3"]
[White "Scibior, Adam"]
[Black "Moranda, Wojciech"]
[Result "0-1"]
[WhiteElo "2229"]
[BlackElo "2597"]
[PlyCount "114"]
[EventDate "2018.08.04"]
[EventType "swiss (rapid)"]
[EventRounds "13"]
[EventCountry "POL"]
[SourceTitle "CBM 185 Extra"]
[Source "ChessBase"]
[SourceDate "2018.07.29"]
[SourceVersion "1"]
[SourceVersionDate "2018.07.29"]
[SourceQuality "1"]

1. Nf3 Nf6 2. c4 g6 3. d4 Bg7 4. g3 0-0 5. Bg2 d6 6. 0-0 c6 7. Nc3 Qa5 8. h3 e5 9. dxe5 dxe5 10. e4 Nbd7 11. Qe2 Re8 12. a3 Qc7 13. Be3 Nf8 14. Rac1 Ne6 15. Rfd1 b6 16. b4 Bb7 17. c5 bxc5 18. bxc5 Bf8 19. Qc4 Rad8 20. Rxd8 Rxd8 21. Na2 Nd7 22. Ng5 Ndxc5 23. Nb4 a5 24. Nxe6 Nxe6 25. Na6 Qc8 26. Nc5 Bxc5 27. Bxc5 Ba6 28. Qc3 Qc7 29. Rb1 Rd3 30. Qc2 Nd4 31. Qa2 Rc3 32. Bb6 Qd6 33. Bxa5 Rxa3 34. Bc7 Rxa2 35. Bxd6 f6 36. Rb8+ Kf7 37. Ra8 Bc4 38. Rf8+ Kg7 39. Rc8 Ra7 40. Bc5 Rd7 41. Bxd4 exd4 42. Rxc6 Be2 43. e5 fxe5 44. Rc2 d3 45. Rd2 Kf6 46. Be4 h5 47. h4 g5 48. hxg5+ Kxg5 49. f3 Rf7 50. Kf2 Bxf3 51. Bxd3 Kg4 52. Be2 Bxe2+ 53. Kxe2 Kxg3 54. Rd8 Rf4 55. Re8 e4 56. Ke3 h4 57. Rg8+ Rg4 0-1

[Event "Varsity Oxbridge m 135th"]
[Site "London"]
[Date "2017.03.11"]
[Round "1.7"]
[White "Scibior, Adam"]
[Black "De Vogelaere, Robin"]
[Result "1-0"]
[WhiteElo "2229"]
[BlackElo "1962"]
[PlyCount "117"]
[EventDate "2017.03.11"]
[EventType "team-match"]
[EventRounds "1"]
[EventCountry "ENG"]
[SourceTitle "CBM 177 Extra"]
[Source "ChessBase"]
[SourceDate "2017.04.27"]
[SourceVersion "1"]
[SourceVersionDate "2017.04.27"]
[SourceQuality "1"]
[WhiteTeam "Cambridge Univeristy"]
[BlackTeam "Oxford Univeristy"]
[WhiteTeamCountry "ENG"]
[BlackTeamCountry "ENG"]

1. Nf3 Nf6 2. c4 g6 3. d4 Bg7 4. g3 0-0 5. Bg2 d6 6. Nc3 Nc6 7. h3 a6 8. 0-0 Bd7 9. e4 e5 10. d5 Nd4 11. Nxd4 exd4 12. Qxd4 Qc8 13. h4 Ng4 14. Qd2 Ne5 15. b3 Bh3 16. Bb2 Qg4 17. Qe3 f5 18. f4 Bh6 19. Ne2 Bxg2 20. Kxg2 Rae8 21. Nd4 fxe4 22. Ne6 Nd3 23. Qd4 Qe2+ 24. Rf2 Qxf2+ 25. Qxf2 Nxf2 26. Kxf2 Rf7 27. Re1 c6 28. Rxe4 cxd5 29. cxd5 Rc8 30. Re2 b5 31. Kf3 Rb7 32. g4 b4 33. h5 gxh5 34. g5 Bf8 35. f5 Rb5 36. Ke4 Ra5 37. Bd4 Rc1 38. f6 Kf7 39. Rh2 Re1+ 40. Be3 Rxe3+ 41. Kxe3 Rxd5 42. Nxf8 Kxf8 43. Rxh5 h6 44. Kf4 hxg5+ 45. Rxg5 Rd2 46. Ra5 Kf7 47. Ke3 Rh2 48. Rxa6 Kxf6 49. Kd4 Ke6 50. Kc4 Rh4+ 51. Kb5 Ke5 52. Ra8 Rd4 53. Ra4 Rd2 54. Kxb4 Rd4+ 55. Kb5 Rxa4 56. bxa4 d5 57. a5 Kd6 58. Kb6 d4 59. a6 1-0

[Event "Varsity Oxbridge m 131st"]
[Site "London"]
[Date "2013.03.09"]
[Round "1.6"]
[White "Scibior, Adam"]
[Black "Chiu, Howard"]
[Result "0-1"]
[WhiteElo "2229"]
[BlackElo "2048"]
[PlyCount "64"]
[EventDate "2013.03.09"]
[EventType "team-match"]
[EventRounds "1"]
[EventCountry "ENG"]
[SourceTitle "CBM 153 Extra"]
[Source "ChessBase"]
[SourceDate "2013.04.22"]
[SourceVersion "1"]
[SourceVersionDate "2013.04.22"]
[SourceQuality "1"]
[WhiteTeam "Cambridge"]
[BlackTeam "Oxford"]
[WhiteTeamCountry "ENG"]
[BlackTeamCountry "ENG"]

1. Nf3 Nf6 2. c4 e6 3. Nc3 c5 4. d4 cxd4 5. Nxd4 a6 6. g3 Qc7 7. Qa4 Nc6 8. Nc2 Be7 9. Bg2 0-0 10. 0-0 d6 11. Ne3 Bd7 12. Qc2 Ne5 13. b3 Rac8 14. Ba3 b5 15. Ne4 Nxe4 16. Bxe4 f5 17. Bg2 f4 18. gxf4 Rxf4 19. Qd2 Rh4 20. Rfd1 Nf7 21. Rac1 Qa7 22. cxb5 Rxc1 23. Qxc1 axb5 24. Bb2 b4 25. Qa1 Bg5 26. Nc4 Bf4 27. h3 d5 28. Ne5 Ng5 29. e3 Bxe3 30. Nxd7 Bxf2+ 31. Kf1 Rf4 32. Be5 Qa6+ 0-1

[Event "Rewal op-A 17th"]
[Site "Rewal"]
[Date "2012.08.27"]
[Round "6"]
[White "Scibior, Adam"]
[Black "Weichhold, Pawel"]
[Result "1-0"]
[WhiteElo "2202"]
[BlackElo "2365"]
[PlyCount "59"]
[EventDate "2012.08.20"]
[EventType "swiss"]
[EventRounds "9"]
[EventCountry "POL"]
[SourceTitle "CBM 150 Extra"]
[Source "ChessBase"]
[SourceDate "2012.10.19"]
[SourceVersion "1"]
[SourceVersionDate "2012.10.19"]
[SourceQuality "1"]

1. Nf3 Nf6 2. c4 g6 3. d4 Bg7 4. g3 0-0 5. Bg2 d6 6. 0-0 Nc6 7. Nc3 Bg4 8. d5 Na5 9. Nd2 c5 10. h3 Bd7 11. Qc2 a6 12. b3 b5 13. Bb2 Rb8 14. e4 e5 15. dxe6 Bxe6 16. cxb5 axb5 17. Nd5 Nc6 18. Nf4 Qb6 19. Nf3 Rfe8 20. Rfe1 Nb4 21. Qd2 Nc6 22. Rad1 Rbd8 23. Qc1 Re7 24. e5 dxe5 25. Rxd8+ Nxd8 26. Nxe5 Nd7 27. Ng4 Qd6 28. Bxg7 Kxg7 29. Rd1 Qa6 30. Nh5+ 1-0

[Event "Rewal op-A 17th"]
[Site "Rewal"]
[Date "2012.08.21"]
[Round "1"]
[White "Scibior, Adam"]
[Black "Adamowicz, Maciej"]
[Result "1-0"]
[WhiteElo "2202"]
[BlackElo "1969"]
[PlyCount "73"]
[EventDate "2012.08.20"]
[EventType "swiss"]
[EventRounds "9"]
[EventCountry "POL"]
[SourceTitle "CBM 150 Extra"]
[Source "ChessBase"]
[SourceDate "2012.10.19"]
[SourceVersion "1"]
[SourceVersionDate "2012.10.19"]
[SourceQuality "1"]

1. Nf3 c5 2. c4 g6 3. d4 cxd4 4. Nxd4 Bg7 5. e4 Nf6 6. Nc3 Nc6 7. Be3 d6 8. Be2 0-0 9. 0-0 Nxd4 10. Bxd4 Bd7 11. Qd2 Bc6 12. f3 a5 13. Rac1 Nd7 14. Be3 Nc5 15. Rfd1 Qb6 16. Bf1 Rfc8 17. Qf2 Qb4 18. Re1 a4 19. a3 Qa5 20. Nd5 Bxd5 21. exd5 Bf6 22. f4 Qc7 23. f5 Ra6 24. Rc2 Re8 25. g4 Rb6 26. g5 Be5 27. Rce2 f6 28. fxg6 hxg6 29. Bh3 Rb3 30. Qh4 Rf8 31. Qh6 Rf7 32. Qxg6+ Kf8 33. Qh6+ Rg7 34. Rg2 Rxb2 35. Rxb2 Bxb2 36. Kh1 fxg5 37. Bxc5 1-0

[Event "POL-chT U19 1st League"]
[Site "Suchedniow"]
[Date "2010.07.13"]
[Round "8"]
[White "Scibior, Adam"]
[Black "Lewtak, Damian"]
[Result "1-0"]
[WhiteElo "2235"]
[BlackElo "2008"]
[PlyCount "53"]
[EventDate "2010.07.06"]
[EventType "team-tourn"]
[EventRounds "9"]
[EventCountry "POL"]
[SourceTitle "EXT 2019"]
[Source "ChessBase"]
[SourceDate "2018.10.10"]
[SourceVersion "1"]
[SourceVersionDate "2018.10.10"]
[SourceQuality "1"]
[WhiteTeam "Poznan UMKS Na Pieterku U19"]
[BlackTeam "Czarna LKSz GCKiP U19"]
[WhiteTeamCountry "POL"]
[BlackTeamCountry "POL"]

1. Nf3 d6 2. d4 g6 3. c4 f5 4. Nc3 Nf6 5. g3 Bg7 6. Bg2 c6 7. d5 c5 8. 0-0 0-0 9. h3 h6 10. Re1 Nbd7 11. Nh4 Kh7 12. e4 fxe4 13. Nxe4 Ne5 14. f4 Nxc4 15. Qd3 b5 16. Nxg6 Nxe4 17. Nxf8+ Qxf8 18. Bxe4+ Kh8 19. Rb1 Bxh3 20. b3 Nb6 21. Qxb5 Bd4+ 22. Kh2 Bg4 23. Bb2 Qf6 24. Bxd4 Qxd4 25. Qd3 Qf2+ 26. Bg2 c4 27. Qc3+ 1-0

[Event "POL-chT U19 1st League"]
[Site "Suchedniow"]
[Date "2010.07.12"]
[Round "7"]
[White "Sycz, Dariusz"]
[Black "Scibior, Adam"]
[Result "0-1"]
[WhiteElo "1962"]
[BlackElo "2235"]
[PlyCount "58"]
[EventDate "2010.07.06"]
[EventType "team-tourn"]
[EventRounds "9"]
[EventCountry "POL"]
[SourceTitle "EXT 2019"]
[Source "ChessBase"]
[SourceDate "2018.10.10"]
[SourceVersion "1"]
[SourceVersionDate "2018.10.10"]
[SourceQuality "1"]
[WhiteTeam "Brzozow LKS Brzozowia MOSiR U19"]
[BlackTeam "Poznan UMKS Na Pieterku U19"]
[WhiteTeamCountry "POL"]
[BlackTeamCountry "POL"]

1. d4 d5 2. c4 c6 3. Nc3 e6 4. Nf3 dxc4 5. a4 Bb4 6. Bd2 a5 7. e3 b5 8. Ne5 Bb7 9. Qg4 g6 10. axb5 cxb5 11. Nxb5 Bxd2+ 12. Kxd2 Nf6 13. Qf4 g5 14. Qxf6 Qxf6 15. Nd6+ Ke7 16. Nxb7 Qxf2+ 17. Be2 Qxg2 18. Nc5 Rd8 19. Raf1 f6 20. Ng4 Nd7 21. Rhg1 Qc6 22. Bf3 Qb5 23. Nxd7 Qxb2+ 24. Ke1 Rxd7 25. Bxa8 c3 26. Rg2 c2 27. Rxc2 Qxc2 28. Nxf6 Rc7 29. Be4 Qb2 0-1

[Event "POL-chT U19 1st League"]
[Site "Suchedniow"]
[Date "2010.07.09"]
[Round "4"]
[White "Scibior, Adam"]
[Black "Karcz, Bartlomiej"]
[Result "1-0"]
[WhiteElo "2235"]
[BlackElo "1988"]
[PlyCount "127"]
[EventDate "2010.07.06"]
[EventType "team-tourn"]
[EventRounds "9"]
[EventCountry "POL"]
[SourceTitle "EXT 2019"]
[Source "ChessBase"]
[SourceDate "2018.10.10"]
[SourceVersion "1"]
[SourceVersionDate "2018.10.10"]
[SourceQuality "1"]
[WhiteTeam "Poznan UMKS Na Pieterku U19"]
[BlackTeam "Katowice Hetman Szopienice U19"]
[WhiteTeamCountry "POL"]
[BlackTeamCountry "POL"]

1. Nf3 Nf6 2. c4 e6 3. d4 d5 4. Nc3 Nbd7 5. Bg5 c6 6. e3 Qa5 7. Nd2 Bb4 8. Qc2 e5 9. dxe5 Ne4 10. Ndxe4 dxe4 11. Bf4 Nxe5 12. Rc1 Bf5 13. a3 Bxc3+ 14. Qxc3 Qxc3+ 15. Rxc3 Nd7 16. Kd2 0-0-0 17. Kc1 c5 18. Bd6 b6 19. Be2 Nf6 20. Rd1 Kb7 21. b4 Kc6 22. Bg3 Rxd1+ 23. Bxd1 Rd8 24. Ba4+ Kb7 25. bxc5 Bd7 26. Bxd7 Nxd7 27. cxb6 axb6 28. Kc2 Nc5 29. f3 f5 30. Be5 g6 31. Bd4 Kc6 32. Kc1 Ne6 33. Bf6 Rd7 34. Kc2 Nc5 35. Be5 Na4 36. Rb3 Nc5 37. Rb1 Rd3 38. Bd4 Rxa3 39. Ra1 Rxa1 40. Bxa1 Nd3 41. fxe4 fxe4 42. Bf6 Ne1+ 43. Kd2 Nxg2 44. Ke2 Kc5 45. Kf2 Kxc4 46. Kxg2 Kd3 47. Kf2 b5 48. Be7 Kd2 49. h4 Kd3 50. Bf8 Kd2 51. Bb4+ Kd3 52. Ba5 Kc4 53. Ke2 h6 54. Bd8 Kc3 55. Bf6+ Kc2 56. Be7 Kb3 57. Kd2 b4 58. Bf8 g5 59. h5 g4 60. Bxh6 g3 61. Ke2 Kc2 62. Bg7 g2 63. Kf2 Kd3 64. Bd4 1-0

[Event "POL-ch U18"]
[Site "Karpacz"]
[Date "2010.03.11"]
[Round "8"]
[White "Bokiej, Przemyslaw"]
[Black "Scibior, Adam"]
[Result "0-1"]
[WhiteElo "2063"]
[BlackElo "2213"]
[PlyCount "98"]
[EventDate "2010.03.06"]
[EventType "swiss"]
[EventRounds "11"]
[EventCountry "POL"]
[SourceTitle "CBM 135 Extra"]
[Source "ChessBase"]
[SourceDate "2010.05.04"]
[SourceVersion "1"]
[SourceVersionDate "2010.05.04"]
[SourceQuality "1"]

1. e4 c5 2. Nf3 Nc6 3. g3 g6 4. Bg2 Bg7 5. 0-0 d6 6. c3 e5 7. Na3 Nge7 8. Nc2 Qb6 9. Ne3 0-0 10. d3 Qc7 11. Nd5 Nxd5 12. exd5 Ne7 13. Ne1 b5 14. f4 exf4 15. Bxf4 Bb7 16. c4 bxc4 17. dxc4 Bxb2 18. Rb1 Bd4+ 19. Kh1 Bc8 20. Nc2 Bg7 21. Ne3 Nf5 22. Qa4 Nxe3 23. Bxe3 Bf5 24. Rbd1 Rab8 25. Qc6 Rfc8 26. Bf4 Rb6 27. Qxc7 Rxc7 28. Rfe1 Kf8 29. Bf3 Re7 30. g4 Bc2 31. Rc1 Bd3 32. Bg5 Rxe1+ 33. Rxe1 Be5 34. Bd8 Rb1 35. Rxb1 Bxb1 36. Be2 Bxa2 37. Ba5 Bb2 38. Kg2 Ba3 39. Bc3 Bb4 40. Bf6 a5 41. h4 a4 42. h5 a3 43. hxg6 fxg6 44. Bd3 Bd2 45. g5 Bc1 46. Kf3 Bb2 47. Ke4 Bxf6 48. gxf6 Bb3 49. f7 a2 0-1

[Event "POL-ch U18"]
[Site "Karpacz"]
[Date "2010.03.10"]
[Round "7"]
[White "Scibior, Adam"]
[Black "Puczylowski, Marcin"]
[Result "1/2-1/2"]
[WhiteElo "2213"]
[BlackElo "2070"]
[PlyCount "87"]
[EventDate "2010.03.06"]
[EventType "swiss"]
[EventRounds "11"]
[EventCountry "POL"]
[SourceTitle "CBM 135 Extra"]
[Source "ChessBase"]
[SourceDate "2010.05.04"]
[SourceVersion "1"]
[SourceVersionDate "2010.05.04"]
[SourceQuality "1"]

1. Nf3 c5 2. c4 Nc6 3. d4 cxd4 4. Nxd4 g6 5. e4 Bg7 6. Be3 Nh6 7. Be2 f5 8. Nc3 0-0 9. 0-0 d6 10. Nxc6 bxc6 11. Qd2 Nf7 12. c5 fxe4 13. cxd6 exd6 14. Nxe4 Bf5 15. Ng5 d5 16. Nxf7 Rxf7 17. Rac1 Rc8 18. Ba6 Rb8 19. b3 Qd7 20. Rfd1 Re8 21. Bd4 Bf8 22. Re1 Rxe1+ 23. Qxe1 Bd6 24. Qc3 Bf4 25. Re1 Bh6 26. Qg3 Re7 27. Qb8+ Bf8 28. Rc1 Re8 29. Qb7 c5 30. Qxd7 Bxd7 31. Bxc5 Bxc5 32. Rxc5 Re1+ 33. Bf1 d4 34. f3 d3 35. Rd5 Bb5 36. Kf2 d2 37. Bxb5 d1Q 38. Rxd1 Rxd1 39. Kg3 Kf7 40. h4 Kf6 41. Bc4 Rd2 42. a4 a5 43. Bg8 Rb2 44. Bc4 1/2-1/2

[Event "POL-ch U18"]
[Site "Karpacz"]
[Date "2010.03.09"]
[Round "5"]
[White "Scibior, Adam"]
[Black "Klekowski, Maciej"]
[Result "0-1"]
[WhiteElo "2213"]
[BlackElo "2276"]
[PlyCount "76"]
[EventDate "2010.03.06"]
[EventType "swiss"]
[EventRounds "11"]
[EventCountry "POL"]
[SourceTitle "CBM 135 Extra"]
[Source "ChessBase"]
[SourceDate "2010.05.04"]
[SourceVersion "1"]
[SourceVersionDate "2010.05.04"]
[SourceQuality "1"]

1. d4 d5 2. c4 e6 3. Nc3 Nf6 4. Bg5 Be7 5. e3 h6 6. Bh4 0-0 7. Nf3 b6 8. Rc1 Bb7 9. Bxf6 Bxf6 10. cxd5 exd5 11. b4 c6 12. Bd3 b5 13. a4 a5 14. bxa5 b4 15. Na2 Qxa5 16. Qd2 Be7 17. Rb1 Na6 18. Bc2 c5 19. dxc5 Nxc5 20. 0-0 Ne4 21. Qd4 Bc5 22. Qe5 Rfe8 23. Qf5 g6 24. Qf4 Kg7 25. Nd4 Bd6 26. Qg4 h5 27. Qd1 Ba6 28. Re1 Bc4 29. Bb3 Qc7 30. Nf3 Qe7 31. Bxc4 dxc4 32. Qd4+ Kg8 33. Qxc4 Rec8 34. Qb5 Rab8 35. Qd5 Rc2 36. Rec1 Rxf2 37. Ng5 Bxh2+ 38. Kxh2 Nxg5 0-1

[Event "POL-ch U18"]
[Site "Karpacz"]
[Date "2010.03.06"]
[Round "1"]
[White "Scibior, Adam"]
[Black "Grudzien, Piotr"]
[Result "1-0"]
[WhiteElo "2213"]
[BlackElo "1989"]
[PlyCount "47"]
[EventDate "2010.03.06"]
[EventType "swiss"]
[EventRounds "11"]
[EventCountry "POL"]
[SourceTitle "CBM 135 Extra"]
[Source "ChessBase"]
[SourceDate "2010.05.04"]
[SourceVersion "1"]
[SourceVersionDate "2010.05.04"]
[SourceQuality "1"]

1. d4 Nf6 2. Nf3 e6 3. c4 Bb4+ 4. Bd2 a5 5. Nc3 b6 6. g3 Ba6 7. b3 0-0 8. Bg2 Ra7 9. 0-0 d5 10. cxd5 Nxd5 11. Ne4 Nd7 12. a3 Be7 13. Nc3 Nxc3 14. Bxc3 c5 15. Qd2 cxd4 16. Nxd4 Nc5 17. Qb2 Bf6 18. Nc6 Bxc3 19. Qxc3 Qc7 20. Nxa7 Qxa7 21. b4 Nd7 22. Qb2 Nf6 23. Rac1 Nd5 24. Rfd1 1-0

[Event "Poznan op-A 18th"]
[Site "Poznan"]
[Date "2009.07.22"]
[Round "4"]
[White "Scibior, Adam"]
[Black "Schmidt, Wlodzimierz"]
[Result "1/2-1/2"]
[WhiteElo "2179"]
[BlackElo "2399"]
[PlyCount "60"]
[EventDate "2009.07.19"]
[EventType "swiss"]
[EventRounds "9"]
[EventCountry "POL"]
[SourceTitle "CBM 131 Extra"]
[Source "ChessBase"]
[SourceDate "2009.09.03"]
[SourceVersion "2"]
[SourceVersionDate "2009.09.16"]
[SourceQuality "1"]

1. d4 Nf6 2. c4 g6 3. Nc3 d5 4. cxd5 Nxd5 5. Bd2 Bg7 6. e4 Nb6 7. Be3 0-0 8. h3 e5 9. Nf3 exd4 10. Bxd4 Bxd4 11. Qxd4 Nc6 12. Qe3 Be6 13. Bb5 Nb4 14. 0-0 Qe7 15. Rfc1 c6 16. Bf1 Nc4 17. Bxc4 Bxc4 18. b3 Be6 19. a3 Na6 20. e5 Nc7 21. Ne4 Nd5 22. Qc5 Qxc5 23. Nxc5 Bc8 24. Ne4 f6 25. exf6 Nxf6 26. Nd6 Rd8 27. Rd1 Nd5 28. Nxc8 Raxc8 29. Re1 Re8 30. Rxe8+ Rxe8 1/2-1/2

[Event "Poznan op-A 18th"]
[Site "Poznan"]
[Date "2009.07.22"]
[Round "5"]
[White "Sieciechowicz, Marcin"]
[Black "Scibior, Adam"]
[Result "1-0"]
[WhiteElo "2390"]
[BlackElo "2179"]
[PlyCount "111"]
[EventDate "2009.07.19"]
[EventType "swiss"]
[EventRounds "9"]
[EventCountry "POL"]
[SourceTitle "CBM 131 Extra"]
[Source "ChessBase"]
[SourceDate "2009.09.03"]
[SourceVersion "2"]
[SourceVersionDate "2009.09.16"]
[SourceQuality "1"]

1. d4 d5 2. c4 e6 3. Nf3 c6 4. e3 Nf6 5. b3 Nbd7 6. Bb2 Bd6 7. Bd3 Qe7 8. Ne5 dxc4 9. Nxc4 Bb4+ 10. Nbd2 b5 11. Ne5 Bb7 12. a3 Bd6 13. Qf3 Rc8 14. Ne4 Nxe4 15. Bxe4 Qf6 16. Qg3 Nb6 17. f4 0-0 18. 0-0 Qe7 19. Nxc6 Qe8 20. Bf3 f6 21. Nxa7 Rc7 22. Rfc1 Rff7 23. Bxb7 Rxc1+ 24. Rxc1 Rxb7 25. Nc6 Rc7 26. Na5 Rxc1+ 27. Bxc1 Qc8 28. Qe1 Nd5 29. b4 Qc7 30. Bd2 g5 31. g3 gxf4 32. exf4 e5 33. Qe4 Nc3 34. Qa8+ Kg7 35. fxe5 fxe5 36. dxe5 Bxe5 37. Qb7 Qxb7 38. Nxb7 Nb1 39. Bc1 Nc3 40. Kf2 Na2 41. Bd2 Bb2 42. Nc5 Bxa3 43. Nd3 Kf6 44. Ke3 Kf5 45. h3 Ke6 46. Ke4 Kf6 47. g4 Kg6 48. h4 Kf6 49. Kd5 Kf7 50. Kc5 Ke6 51. Kxb5 Nxb4 52. Bxb4 Bxb4 53. Kxb4 Kd5 54. g5 Ke4 55. h5 Kf5 56. g6 1-0

[Event "Poznan op-A 18th"]
[Site "Poznan"]
[Date "2009.07.21"]
[Round "3"]
[White "Przybylski, Wojciech"]
[Black "Scibior, Adam"]
[Result "0-1"]
[WhiteElo "2328"]
[BlackElo "2179"]
[PlyCount "68"]
[EventDate "2009.07.19"]
[EventType "swiss"]
[EventRounds "9"]
[EventCountry "POL"]
[SourceTitle "CBM 131 Extra"]
[Source "ChessBase"]
[SourceDate "2009.09.03"]
[SourceVersion "2"]
[SourceVersionDate "2009.09.16"]
[SourceQuality "1"]

1. e4 c5 2. Nf3 Nc6 3. d4 cxd4 4. Nxd4 Nf6 5. Nc3 d6 6. Bg5 e6 7. Qd2 a6 8. 0-0-0 Bd7 9. f3 Be7 10. Be3 b5 11. Bd3 b4 12. Nce2 d5 13. Nxc6 Bxc6 14. Nd4 Qc7 15. e5 Nd7 16. f4 Bb5 17. Kb1 0-0 18. Qe2 Rfb8 19. f5 Nc5 20. f6 Nxd3 21. Qg4 Bf8 22. fxg7 Bxg7 23. Nxb5 axb5 24. Rxd3 Qc4 25. Bd4 Rc8 26. Qd1 Qxa2+ 27. Kc1 Bh6+ 28. Be3 Bxe3+ 29. Rxe3 b3 30. Rg3+ Kh8 31. Kd2 Rxc2+ 32. Ke3 Qxb2 33. Kf3 Ra4 34. Re1 Rf2+ 0-1

[Event "Poznan op-A 18th"]
[Site "Poznan"]
[Date "2009.07.20"]
[Round "2"]
[White "Scibior, Adam"]
[Black "Tomczak, Jacek"]
[Result "1/2-1/2"]
[WhiteElo "2179"]
[BlackElo "2447"]
[PlyCount "89"]
[EventDate "2009.07.19"]
[EventType "swiss"]
[EventRounds "9"]
[EventCountry "POL"]
[SourceTitle "CBM 131 Extra"]
[Source "ChessBase"]
[SourceDate "2009.09.03"]
[SourceVersion "2"]
[SourceVersionDate "2009.09.16"]
[SourceQuality "1"]

1. d4 Nf6 2. c4 g6 3. Nc3 d5 4. Nf3 Bg7 5. e3 0-0 6. b4 b6 7. Ba3 c5 8. bxc5 bxc5 9. Rc1 Ne4 10. Bxc5 Nxc5 11. dxc5 Qa5 12. Qd2 Qxc5 13. Nxd5 Nc6 14. Bd3 e6 15. Nf4 f5 16. Ng5 Re8 17. h4 Rb8 18. 0-0 h6 19. Ngh3 Ne5 20. Rb1 Bd7 21. Be2 Qe7 22. Rxb8 Rxb8 23. Rd1 Rb2 24. Qxb2 Nf3+ 25. Bxf3 Bxb2 26. Nxg6 Qg7 27. Nhf4 Bf6 28. h5 Bc8 29. Rd6 Qc7 30. Rc6 Qb7 31. Nd5 exd5 32. Rxf6 Qb1+ 33. Kh2 Kg7 34. Rf8 Be6 35. Re8 Bf7 36. Re7 Kf6 37. Bxd5 Bxd5 38. cxd5 Qxa2 39. Re6+ Kg7 40. Nf4 Qxf2 41. d6 Qh4+ 42. Kg1 Qe1+ 43. Kh2 Qh4+ 44. Nh3 Qd8 45. Nf4 1/2-1/2

[Event "POL-chT U19 40th"]
[Site "Chotowa"]
[Date "2009.07.??"]
[Round "4"]
[White "Lach, Piotr"]
[Black "Scibior, Adam"]
[Result "1-0"]
[WhiteElo "2148"]
[BlackElo "2179"]
[PlyCount "65"]
[EventDate "2009.07.06"]
[EventType "team-tourn"]
[EventRounds "9"]
[EventCountry "POL"]
[SourceTitle "EXT 2012"]
[Source "ChessBase"]
[SourceDate "2011.11.24"]
[SourceVersion "1"]
[SourceVersionDate "2011.11.24"]
[SourceQuality "1"]
[WhiteTeam "Trzebinia UKS Hetman Koronny U19"]
[BlackTeam "Poznan UMKS Na Pieterku U19"]
[WhiteTeamCountry "POL"]
[BlackTeamCountry "POL"]

1. e4 e6 2. d4 d5 3. Nd2 Nf6 4. e5 Nfd7 5. c3 c5 6. f4 Nc6 7. Ndf3 Qb6 8. a3 cxd4 9. cxd4 Na5 10. b4 Nc4 11. Bxc4 dxc4 12. Ne2 Qc6 13. d5 exd5 14. Nfd4 Qb6 15. Nc3 Qd8 16. 0-0 Nb6 17. f5 g6 18. e6 fxe6 19. fxg6 Bg7 20. Rf7 hxg6 21. Rxg7 Qf6 22. Rc7 Qe5 23. Rxc8+ Nxc8 24. g3 Ne7 25. Bf4 Qf6 26. Qa4+ Kf7 27. Rf1 Kg8 28. Be3 Qe5 29. Bf2 Rf8 30. Qd7 Qf6 31. Nxe6 Rf7 32. Qe8+ Kh7 33. Qxf7+ 1-0

[Event "POL-chT U19 40th"]
[Site "Chotowa"]
[Date "2009.07.??"]
[Round "5"]
[White "Scibior, Adam"]
[Black "Kowalski, Lukasz"]
[Result "0-1"]
[WhiteElo "2179"]
[BlackElo "2052"]
[PlyCount "74"]
[EventDate "2009.07.06"]
[EventType "team-tourn"]
[EventRounds "9"]
[EventCountry "POL"]
[SourceTitle "EXT 2012"]
[Source "ChessBase"]
[SourceDate "2011.11.24"]
[SourceVersion "1"]
[SourceVersionDate "2011.11.24"]
[SourceQuality "1"]
[WhiteTeam "Poznan UMKS Na Pieterku U19"]
[BlackTeam "Skierniewice KS Piatka U19"]
[WhiteTeamCountry "POL"]
[BlackTeamCountry "POL"]

1. d4 d5 2. c4 e6 3. Nc3 Nf6 4. cxd5 exd5 5. Bg5 Be7 6. e3 c6 7. Bd3 Nbd7 8. Qc2 Nh5 9. Bxe7 Qxe7 10. Nge2 g6 11. 0-0 f5 12. Qd2 0-0 13. f3 Ndf6 14. Rae1 Re8 15. Nc1 Qd6 16. Bc2 b6 17. Rf2 Ba6 18. Bd3 Bb7 19. Bf1 Rad8 20. Nd3 Nd7 21. f4 Nhf6 22. Ne5 Qe6 23. Qd1 Kg7 24. Be2 h5 25. b4 Ng4 26. Rf3 Qe7 27. Qb1 Ndf6 28. Rg3 Ne4 29. Nxe4 dxe4 30. Bxg4 hxg4 31. h3 Qh4 32. Kf2 Rxe5 33. hxg4 Red5 34. gxf5 Rxf5 35. Rh1 Rxf4+ 36. exf4 Qxf4+ 37. Ke2 Ba6+ 0-1